00337nam a2200121 a 450000500170000000800410001702000150005805000240007310000230009724500360012026000370015630000220019320140310183321.0060302s19uu xx 00 eng d a0553569783 aPS 3552b.M329 1995 aMargolin, Phillip. aHeartstone /cPhillip Margolin. aNew York :bBantam Books,c1995. a387 p. :c17 cm.